| 000 | 00427nam a22001697a 4500 | ||
|---|---|---|---|
| 005 | 20180801163208.0 | ||
| 008 | 160514b xxu||||| |||| 00| 0 eng d | ||
| 020 | _a978812591913 | ||
| 041 | _aeng | ||
| 082 |
_b2250 _a658.3 |
||
| 100 |
_aDwivedi, R.S. _9433 |
||
| 245 | _aHuman Resource Management | ||
| 260 |
_aNew Delhi _bVikas Publishing House (P) Ltd. _c2009 |
||
| 300 | _a390p, | ||
| 650 |
_aManagement _9241 |
||
| 942 | _cBK | ||
| 999 |
_c829 _d829 |
||